000
00261nam a22001217a 4500
082
_a
823
_b
RAJ/D
100
_a
RAJ, C R S
245
_a
DAMAN & PHILLAS
260
_a
MADRAS
_b
CHILDREN'S WORLD
_c
1992
300
_a
20
650
_a
ENGLISH STORY
_z
INDIA
942
_c
BK
999
_c
7384
_d
7384